000 00432nam a22001817a 4500
003 OSt
005 20180116183045.0
008 160718b xxu||||| |||| 00| 0 eng d
020 _a9780073267203
040 _c0
082 _a658.4012 DES 2007
100 _aDess
245 _aStrategic Management
_cDess
260 _aIndia
_bMic GrawHill
_c2007
300 _a984 p.
_bPB
440 _aStrategic Management
942 _2ddc
_cBK
999 _c351409
_d351409